000 00548nam a2200181 a 4500
001 000034245
005 20200930070911.0
008 110929s2000 es 000 0 spa d
020 _a8483361019
040 _aDO-SdBNP
_bspa
_cBNPHU
100 1 _aPoe, Edgar Allan,
_d1809-1849.
_99903
245 1 4 _aLas aventuras de Arthur Gordon Pym :
_bNarraciones extraordinarias ; Poemas /
_cEdgar Allan Poe.
260 _aMadrid :
_bEdiciones Alba,
_c2000.
300 _a192 p. ;
_c18 cm.
490 1 _aJuveniles
830 0 _aJuveniles
_959662
049 _aBNPD
999 _c33736
_d33736